Les Simpson - Maggie - Statistiques

Statistiques générales
  • Ce quiz a été pris 123 fois
  • Le résultat moyen est 6 sur 10
Statistiques - réponses
Question Réponse % Correct
Sur qui a-t-elle tiré accidentellement ? Burns
100%
Qui est son véritable père dans l'un des épisodes Horror Show ? Kang
88%
Quel a été son premier mot ? papa
79%
Qui Maggie a-t-elle tenté de tuer en étant influencée par la télé ? Homer
75%
De combien est le QI de Maggie lors du test à la crèche pour bébé surdoué ? 167
67%
Dans la saison 5, à quoi joue-t-elle sur l'ordinateur ? au poker
67%
Dans la saison 18, elle joue en équipe avec Marge contre Patty et Selma. À quel jeu jouent-elles ? au Pictionary
63%
Quel jour est-elle née ? un 7 novembre
38%
Lorsque Herbert invente une machine pour traduire les bruits des bébés, quel est le premier message traduit ? prenez grand soin de moi et divertissez-moi
21%
Qui a choisi son prénom ? Bart
17%
Aucun quiz correspondant
Distribution des résultats
% des personnes avec chaque résultat
Percentile par nombre de réponses
Votre historique - résultats
Vous n’avez pas pris ce quiz